AERSCREEN user's guide /

Bibliographic Details
Corporate Author: United States. Environmental Protection Agency. Air Quality Modeling Group (Author)
Format: Government Document eBook
Language:English
Published: Research Triangle Park, N.C. : U.S. Environmental Protection Agency, 2011.
Subjects:
Online Access:https://purl.fdlp.gov/GPO/gpo39430

MARC

Tag First Indicator Second Indicator Subfields
LEADER 00000cam a2200000 i 4500
001 in00003420013
005 20211120171513.0
006 m o d f
007 cr mn||||a||||
008 130827s2011 ncua ob f000 0 eng c
035 |a (OCoLC)ocn857078642 
040 |a GPO  |b eng  |e rda  |e pn  |c GPO  |d GPO  |d MvI  |d UtOrBLW 
042 |a pcc 
049 |a WWW 
074 |a 0483-E-21 (online) 
086 0 |a EP 4.58:AE 8/3 
110 1 |a United States.  |b Environmental Protection Agency.  |b Air Quality Modeling Group,  |e author. 
245 1 0 |a AERSCREEN user's guide /  |c Office of Air Quality Planning and Standards, Air Quality Assessment Division, Air Quality Modeling Group. 
264 1 |a Research Triangle Park, N.C. :  |b U.S. Environmental Protection Agency,  |c 2011. 
300 |a 1 online resource (viii, 87, A-5 pages) :  |b color illustrations 
336 |a text  |b txt  |2 rdacontent 
337 |a computer  |b c  |2 rdamedia 
338 |a online resource  |b cr  |2 rdacarrier 
500 |a "March 2011." 
500 |a Title from title screen (viewed on Aug. 27, 2013). 
500 |a "EPA-454/B-11-001." 
505 2 |a 1. Overview of AERSCREEN -- 2. AERSCREEN features -- 3. AERSCREEN Program Execution -- 4. Example Run -- 5. References. 
504 |a Includes bibliographical references (pages 86-87). 
650 0 |a Air quality  |x Mathematical models. 
650 0 |a Atmospheric diffusion  |x Mathematical models. 
650 0 |a Air  |x Pollution  |x Measurement. 
710 1 |a United States.  |b Environmental Protection Agency,  |e issuing body. 
776 0 8 |i Print version:  |t AERSCREEN User's Guide  |w (OCoLC)724055842 
856 4 0 |u https://purl.fdlp.gov/GPO/gpo39430  |t 0 
999 |a MARS 
999 f f |s 376c631d-1f4d-39f1-9d4f-d5b8dd04e07a  |i 7bc0e316-47c5-35bd-a5a8-548e27b53bde  |t 0 
952 f f |a Texas A&M University  |b College Station  |c Electronic Resources  |d Available Online  |t 0  |e EP 4.58:AE 8/3  |h Superintendent of Documents classification 
998 f f |a EP 4.58:AE 8/3  |t 0  |l Available Online